|
|
|
|
| LEADER |
00000cam a2200000 a 4500 |
| 001 |
vtls001417743 |
| 003 |
SK-MaSNL |
| 005 |
20260302035225.0 |
| 008 |
240226s2000 xo frb 100 0bslo |
| 015 |
|
|
|a SNBA2001/10-03388
|
| 020 |
|
|
|a 8088878675
|q (viazané)
|
| 035 |
|
|
|a SNK000372530
|
| 035 |
|
|
|a urn:nbn:sk:snk-amkn5j
|
| 035 |
|
|
|a urn:nbn:sk:snk-am003cj1
|
| 035 |
|
|
|a DCCE4FAD-E5C9-4DB1-94E6-AD0A5517DF76
|
| 040 |
|
|
|a SNK
|b slo
|c SNK
|e AACR2
|
| 041 |
0 |
|
|a slo
|
| 044 |
|
|
|a xo
|c SK
|
| 080 |
|
|
|a 82:929:885.4(082)
|2 1981
|
| 080 |
|
|
|a 885.4:929
|2 1981
|
| 080 |
|
|
|a 929
|2 1981
|
| 245 |
0 |
0 |
|a Čo zostalo z básnika?
|c zostavili Vladimír Petrík a Július Vanovič
|
| 250 |
|
|
|a 1. vydanie
|
| 260 |
|
|
|a Bratislava
|b Literárne informačné centrum
|c 2000
|
| 300 |
|
|
|a 183 s.
|b ilustr., fotogr.
|c 21 cm
|
| 500 |
|
|
|a Ilustr. na front.
|
| 600 |
1 |
|
|a Lukáč, Emil Boleslav,
|d 1900-1979
|2 SNKMA
|9 111229
|
| 650 |
0 |
7 |
|a slovenská literatúra
|2 SNKPH
|9 1115
|
| 650 |
0 |
7 |
|a literárna kritika
|2 SNKPH
|9 1138
|
| 650 |
0 |
7 |
|a slovenskí básnici
|2 SNKPH
|9 67856
|
| 655 |
|
7 |
|a zborníky konferencií
|2 SNKPH
|9 70153
|
| 700 |
1 |
|
|a Petrík, Vladimír,
|d 1929-2017
|4 com
|9 171168
|
| 700 |
1 |
|
|a Vanovič, Július,
|d 1935-2020
|4 com
|9 92142
|
| 919 |
|
|
|a 80-88878-67-5
|
| 958 |
|
|
|a OND
|
| 958 |
|
|
|a TL
|
| 958 |
|
|
|a BX
|
| 958 |
|
|
|a PETRIKAev/2000_PETRIKAzc/2000
|
| 999 |
|
|
|c 1069761
|d 1071691
|
| 952 |
|
|
|t P60, <03>, [BOOK], {603}
|a SNK
|b SNK
|y PREZ
|7 0
|p 17A0310018
|o snkSC 105585
|i snkKSP 9123/2001
|0 0
|1 0
|4 0
|d 2001-08-02
|f 1
|l 0
|r 2025-09-26 00:00:00
|w 2026-02-24
|
| 952 |
|
|
|t P60, <04>, [BOOK], {604}
|a SNK
|b SNK
|y VYP
|7 0
|p 17A0310977
|o snkSC 105585 D1
|i snkKSP 9579/2001
|0 0
|1 0
|4 0
|d 2001-08-14
|l 0
|r 2005-01-02 00:00:00
|w 2026-02-24
|